Programación C

Salvato in:
Dettagli Bibliografici
Autore principale: Ruiz, Marcelo Hernán (Autore)
Natura: Libro
Lingua:spagnolo
Pubblicazione: Buenos Aires MP 2003
Edizione:1a. ed
Serie:Manuales USERS
Soggetti:
Tags: Aggiungi Tag
Nessun Tag, puoi essere il primo ad aggiungerne!!

MARC

LEADER 00000nam a2200000 a 4500
001 UCK0221
003 CL-VaPUC
008 040924e20030000AG |||||||||||||||||spa|d
020 |a 9875261556 
082 0 4 |a 005.133  |b RUI  |2 21 
100 0 |a Ruiz, Marcelo Hernán  |e author  |9 488125 
245 1 0 |a Programación C 
250 |a 1a. ed 
300 |a 295 p 
942 |c BK 
945 |d 20040924 00:00:00  |a vberengu 
260 |a Buenos Aires  |b MP  |c 2003 
650 0 |a Lenguajes de programación   |9 259458 
650 7 |a PROGRAMACION EN C  |2 CL-VaPUC  |9 485618 
583 |a last modification  |c 20040924 00:00:00  |k Rodrigo Vera 
490 0 |a Manuales USERS 
999 |c 310710  |d 310708 
952 |0 0  |1 0  |4 0  |6 005_133000000000000_RUI_2003  |7 0  |8 A  |9 379615  |a BIBING  |b BIBING  |d 2019-11-21  |i 4061071  |o 005.133 RUI 2003  |p 4061071  |r 2025-01-20  |w 2019-11-21  |y BK  |k TRA 
952 |0 0  |1 0  |4 0  |6 005_133000000000000_RUI_2003  |7 0  |8 A  |9 379616  |a BIBING  |b BIBING  |d 2019-11-21  |i 406108K  |o 005.133 RUI 2003  |p 406108K  |r 2023-03-02  |w 2019-11-21  |y BK  |k TRA